La crisis de la jurisdicción: ¿Poder o verdad?
Guardat en:
| Autors principals: | , |
|---|---|
| Format: | Llibre |
| Idioma: | espanyol |
| Publicat: |
Buenos Aires
Cathedra Jurídica
2015
|
| Edició: | 1a. ed |
| Matèries: | |
| Etiquetes: |
Afegir etiqueta
Sense etiquetes, Sigues el primer a etiquetar aquest registre!
|
MARC
| LEADER | 00000cam a2200000 a 4500 | ||
|---|---|---|---|
| 001 | UCE7281 | ||
| 003 | CL-VaPUC | ||
| 008 | 150605e20150000ag |||||||||||||||||spa|d | ||
| 020 | |a 9789873886003 | ||
| 082 | 0 | 4 | |a 345.087 |b SAR |2 21 |
| 100 | 0 | |a Sarrulle, Oscar E. J |e author |9 579965 | |
| 700 | 0 | |a Llull Casado, Verónica |e author |9 579966 | |
| 245 | 1 | 3 | |a La crisis de la jurisdicción: ¿Poder o verdad? |
| 250 | |a 1a. ed | ||
| 300 | |a 128 p | ||
| 942 | |c BK | ||
| 945 | |d 20150605 14:50:00 |a dcastane | ||
| 260 | |a Buenos Aires |b Cathedra Jurídica |c 2015 | ||
| 650 | 7 | |a DERECHO PENAL |2 CL-VaPUC |9 11 | |
| 650 | 0 | |a Jurisprudencia |9 255952 | |
| 583 | |a last modification |c 20150605 14:50:00 |k Rodrigo Vera | ||
| 999 | |c 359382 |d 359380 | ||
| 952 | |0 0 |1 0 |3 erb |4 0 |6 345_087000000000000_SAR_2015 |7 0 |8 A |9 468544 |a BIBDER |b BIBDER |i 5161673 |o 345.087 SAR 2015 |p 5161673 |r 2023-01-25 |w 2019-11-23 |y BK |z Catalogado en:20150605 |k DER | ||